| 000 | 00467nam a22001817a 4500 | ||
|---|---|---|---|
| 003 | koha_MIRAKIL | ||
| 005 | 20231213065253.0 | ||
| 008 | 231213b |||||||| |||| 00| 0 ||| d | ||
| 020 | _b978-9-75403302-1 | ||
| 040 |
_aTR-IsEVY _btur _cTR-IsEVY |
||
| 082 | _a500 TOD/İ | ||
| 100 | _aTODES, DANIEL. | ||
| 245 | 0 | _aİVAN PAVLOV HAYVAN MAKİNESİNİ ARAŞTIRIRKEN. | |
| 260 |
_bTÜBİTAK, _c2008 |
||
| 300 | _a[ ] p. | ||
| 650 | _aDoğa Bilimleri. | ||
| 942 |
_2ddc _cBK |
||
| 999 |
_c816 _d816 |
||